00302pab a2200121 454500008004000000100001500040245006300055260000900118300001300127362000800140650001400148773001800162180718b2006 xxu||||| |||| 00| 0 eng d aHill, Dave aClass, neoliberal global capital, education and resistance c2006 ap.47-76. aSep aEducation aSocial Change